Statistics for RB Salzburg Best Scorer By Year

Click here to take the quiz!

General Stats

  • This quiz has been taken 78 times
    (25 since last reset)
  • The average score is 6 of 28

Answer Stats

Player% Correct
Karim Adeyemi
79%
Jonathan Soriano
74%
Benjamin Šeško
68%
Patson Daka
68%
Marc Janko
58%
Hwang Hee-chan
53%
Alexander Zickler
47%
Heimo Pfeifenberger
26%
Jakob Jantscher
16%
Moanes Dabour
16%
Nikola Jurčević
16%
Stefan Maierhofer
16%
Edi Glieder
11%
Hans-Gerd Schildt
11%
Oliver Bierhoff
11%
Christian Keglevits
5%
Goran Tomić
5%
Karl Kodat
5%
Roman Wallner
5%
Georg Wimmer
0%
Gerald Haider
0%
Heiko Laeßig
0%
Jarosław Studziżba
0%
Peter Sallmayer
0%
Roland Kirchler
0%
Rupert Marko
0%
Slađan Nikolić
0%
Wolfgang Schwarz
0%

Score Distribution

Percentile by Number Answered

Percent of People with Each Score

Your Score History

You have not taken this quiz since the last reset